Cultura y dependencia /

Gardado en:
Detalles Bibliográficos
Outros autores: Franco, Jean (autor) (autor)
Formato: Libro
Idioma:Lingua castelá
Publicado: Guadalajara, México : Gobierno del Estado de Jalisco, Departamento de Bellas Artes, 1976, c1976
Series:(Textos Latinoamericanos)
Temas:
Etiquetas: Engadir etiqueta
Sen Etiquetas, Sexa o primeiro en etiquetar este rexistro!

MARC

LEADER 00000nam^a2200000^a^4500
001 000183470
005 20250521000000.0
009 20260310102041.399
037 |a Acervo ITESO - Biblioteca 
041 |a ESP 
082 |a 306. 40980  |b FRA 
245 1 0 |a Cultura y dependencia /  |c J. Franco... [et al.]. 
264 4 |a Guadalajara, México :  |b Gobierno del Estado de Jalisco, Departamento de Bellas Artes,  |c 1976, c1976 
300 |a 270 p. 
336 |a texto  |b txt  |2 rdacontenido 
337 |a sin mediación  |b n  |2 rdamedio 
338 |a volumen  |b nc  |2 rdasoporte 
440 1 |a (Textos Latinoamericanos) 
649 |a XX 
650 |a Dependencia Cultural -  |z Latinoamérica 
650 |a Dependencia Económica -  |z Latinoamérica 
650 |a Ideología -  |z México 
650 |a Literatura Mexicana -  |x Historia y Crítica 
650 |a Literatura Latinoamericana -  |x Historia y Crítica 
650 |a Mitología Mexicana 
650 |a Cultura -  |z México -  |x Historia -  |y 1970-1979 
650 |a Sociología de la Cultura 
700 |a Franco, Jean  |e (autor) 
910 |a Fondo General 
920 |a Impresos - Libros 
930 |a Colección General 
905 |a 101 
901 |a 0500123681  |b IT1  |c ACC  |u 20250521 
902 |a https://opac.biblio.iteso.mx/vufind/Record/000183470